[Event "EU-ch 4th"]
[Site "Istanbul"]
[Date "2003.06.10"]
[Round "10"]
[White "Malakhov, Vladimir"]
[Black "Nisipeanu, Liviu Dieter"]
[Result "1-0"]
[WhiteElo "2672"]
[BlackElo "2606"]
[Annotator "Ribli,Z"]
[PlyCount "83"]
[EventDate "2003.05.30"]
[EventType "swiss"]
[EventRounds "13"]
[EventCountry "TUR"]
[SourceTitle "CBM 096"]
[Source "ChessBase"]
[SourceDate "2003.09.25"]
[SourceVersion "1"]
[SourceVersionDate "2003.09.25"]
[SourceQuality "1"]

1. Nf3 Nf6 2. c4 c5 3. Nc3 e6 4. e4 Nc6 5. Be2 {Großmeister Malakhov spielt
diese populäre Variante gern.} b6 {Mit diesem Zug möchte Schwarz das Spiel
komplizieren.} (5... d5 {Das ist die natürliche Fortsetzung, aber Weiß bekommt
die Initiative in einer symmetrischen Stellung.} 6. exd5 exd5 7. d4) 6. O-O (6.
d4 $5 {Nach meiner Meinung ist dieser Zug die beste Möglichkeit für Weiß - im
Falle von 6...cxd4 7.Nxd4 Bb7 8.Nxc6 bietet sie Weiß eine kleine Initiative.})
6... Bb7 7. d4 cxd4 8. Nxd4 Nxd4 {M.E. ist dieser Springertausch nicht die
beste Möglichkeit für Schwarz. Ich glaube, es wäre besser, die Spannung in der
Stellung zu halten.} (8... Qb8 {Dieser Damenzug bietet Schwarz sehr gute
Ausgleichschancen - jetzt kann Schwarz nach 9.Nc2 mit 9...Nb4! fortsetzen und
nach 9.Be3 Bb4 (9...Bd6 ist auch gut).}) (8... Qc7) 9. Qxd4 Bc5 10. Qd3 {
Schwarz hat mit 9...Bc5 ein Tempo gewonnen, aber die zentralisierte Dame steht
aktiv auf d3, Schwarz muss immer mit e4-e5 rechnen.} Qc7 (10... Qb8 11. Be3 O-O
12. Rad1 (12. Bxc5 bxc5 13. f4 d6 14. Rad1 Rd8 15. Bf3 Rd7 16. Qe3 a6 17. e5
Ne8 18. b3 {1/2-1/2 Smirin,I-Hansen,C/Cap d'Agde 1996/CBM 55 ext (49)}) 12...
Bc6 13. Bxc5 bxc5 14. f4 d6 15. Bf3 Qb6 16. Qe2 Rad8 17. g4 Qb8 18. g5 Nd7 19.
Rd3 Rfe8 20. Rfd1 Nb6 21. b3 {1-0 Cyborowski,L-Zontakh,A/Bydgoszcz 2001/CBM 82
ext (38)}) (10... d6 11. a3 a5 12. Kh1 h5 13. Bg5 h4 14. f4 h3 15. Bf3 hxg2+
16. Kxg2 Qd7 17. b4 {1/2-1/2 Kosikov,A-Lysak,I/Kiev 2002/EXT 2003 (34)}) 11.
Bf3 {Der Läufer steht auf den ersten Blick sonderbar auf f3, aber Schwarz muss
mit 12.e5 rechnen.} (11. Be3 O-O 12. Rfd1 Rfd8 13. Rac1 Rac8 14. a3 Qe5 15.
Bxc5 bxc5 16. Bf3 Ba6 17. b3 {1/2-1/2 Cifuentes Parada,R-Piket,J/NLD-ch 1992/
CBM 30 (17)}) 11... Qe5 (11... O-O 12. e5 Bxf3 (12... Ne8 13. Bxb7 Qxb7 14. a3
$14) 13. exf6 Bc6 14. fxg7 Kxg7 15. Be3 $14) 12. g3 {[%cal Gc1f4,Gf4e5][%mdl 4]
} (12. Rd1 Rd8 13. g3 g5 14. b3 h5 15. Bb2 Be7 16. Rd2 Qb8 17. Nb5 d6 18. Rad1
Rh6 19. Qe3 a6 20. e5 axb5 21. exf6 Bxf6 22. Bxf6 Rxf6 23. Bxh5 bxc4 24. bxc4
Qc7 25. Be2 Qc6 26. Rd5 Rg6 {1-0 Lebedev,V-Rychagov,A/Kolontaevo 1997/EXT 2000
(26)}) 12... g5 {Schwarz muss die Drohung 13.Bf4 verhindern.} 13. b3 Bd4 14.
Bd2 (14. Bb2 Bxe4 15. Nxe4 (15. Bxe4 Nxe4 16. Nxe4 Bxb2 17. Nd6+ $44) 15...
Bxb2 16. Nd6+ Ke7 17. Rad1 $44) 14... h5 15. Rad1 $14 {[%cal Gd1d7] Weiß hat
eine harmonische Entwicklung. Schwarz hat einige taktische Gegenchancen, aber
er hat nichts Konkretes; und es droht z.B. 16.Bxg5.} h4 (15... a6 16. Bxg5 Bxc3
(16... Qxg5 17. Qxd4 $18) 17. Bxf6 Qxf6 18. Qxd7+ Kf8 19. Qxb7 Kg7 20. Rd3 $16)
(15... Bc6 16. Ne2 Bb2 17. Rb1 $16) 16. Nb5 $1 {[%csl Rd4]} hxg3 {Dieser Zug
ist eigentlich ein Figurenopfer, aber Schwarz hat nichts Besseres.} (16... Bc5
$2 17. Bc3 $18) 17. Qxd4 (17. hxg3 $4 Qxg3+ $19) 17... gxh2+ 18. Kh1 Qxd4 (
18... Bxe4 19. Bg2 $14 (19. Bxe4 Qxd4 20. Nxd4 Nxe4 21. Be1 g4 22. f3 gxf3 23.
Nxf3 $14)) 19. Nxd4 g4 (19... Nxe4 20. Bxe4 (20. Bxg5 $16) 20... Bxe4+ 21. f3
Bb7 22. Bxg5 $16) 20. Bg2 Nxe4 {Schwarz hat drei Bauern für die Figur, aber
seine Bauern sind nicht viel wert und mit dem Läuferpaar steht Weiß besser.} (
20... Bxe4 21. Bf4 $16) 21. Bf4 $16 {[%csl Gf4,Gg2]} a6 (21... Rc8 22. Nb5 a6
23. Nd6+ Nxd6 24. Rxd6 Bxg2+ 25. Kxg2 $16) 22. Ne2 {[%cal Ge2g3,Gg3e4] Weiß
bereitet 23.Ng3 vor - er möchte die beste schwarze Figur, den e4-Springer,
tauschen. Die andere Idee des Zuges ist, dass jetzt schon 23.Bxh2 droht.} (22.
Bxh2 $2 g3 23. fxg3 Nxg3+ 24. Kg1 Nxf1 25. Bxb7 Ra7 26. Rxf1 Rxb7) 22... b5 (
22... f5 23. Bxh2 $16) 23. Ng3 {Weiß möchte den e4-Springer tauschen, was
wichtiger ist als das sofortige Nehmen des Bauern auf h2.} (23. Bxh2 $16) 23...
Nxg3+ (23... f5 24. Nxe4 fxe4 25. Bxh2 $16) 24. Bxg3 Bxg2+ 25. Kxg2 bxc4 26.
bxc4 Rc8 27. Rd4 {[%cal Rd4g4,Gd4c4]} h1=Q+ (27... f5 28. Bxh2 $16) 28. Rxh1
Rxh1 29. Kxh1 f5 {[%mdl 4096]} 30. Bd6 {[%csl Gd6] Nach Vereinfachungen hat
Schwarz nur zwei Bauern für den Läufer. Schwarz hat die Bauernkette
d7-e6-f5-g4, aber der d6B paralysiert seine Stellung.} Kf7 31. c5 Kf6 32. Rb4 {
[%cal Rb4b6,Rb6a6]} e5 (32... Rc6 33. Rb7 $18) 33. Rb6 f4 (33... Rc6 34. Rb8
$18 {[%cal Rb8f8,Re8e5]}) 34. Rxa6 $18 {Weiß hat großen Materialvorteil, die
schwarzen Bauern sind gar nicht gefährlich.} Kf5 35. Ra7 Ke6 36. Kg2 Rh8 37.
Rb7 {[%cal Rb7b8,Rb8h8]} Ra8 38. Rb8 (38. Rb2 $18) 38... Rxa2 39. Re8+ Kf6 40.
Bxe5+ Kf7 41. Rd8 g3 42. Bxf4 1-0

[Event "Hoogovens"]
[Site "Wijk aan Zee"]
[Date "1997.01.30"]
[Round "10"]
[White "Van Wely, Loek"]
[Black "Salov, Valery"]
[Result "0-1"]
[WhiteElo "2645"]
[BlackElo "2665"]
[Annotator "Ribli,Z"]
[PlyCount "138"]
[EventDate "1997.01.18"]
[EventType "tourn"]
[EventRounds "13"]
[EventCountry "NED"]
[EventCategory "16"]
[SourceTitle "CBM 057"]
[Source "ChessBase"]
[SourceDate "1997.04.01"]
[SourceVersion "1"]
[SourceVersionDate "1997.04.01"]
[SourceQuality "1"]

1. c4 {Yudasin,L Endspiel-CD} c5 2. Nc3 Nf6 3. g3 d5 4. cxd5 Nxd5 5. Bg2 Nc7 6.
Nf3 (6. Qa4+ {Yudasin,L} Bd7 7. Qb3 Nc6 8. Qxb7 Nd4 (8... Rb8 $4 9. Qxc6) 9.
Rb1 $13) 6... Nc6 {Schwarz spielt eigentlich den sogenannten Maroczy-Aufbau,
er strebt ein starkes Zentrum mit späterem e7-e5 an. Weiß hat seinerseits
einen starken Bg2 und bekommt wichtige Zentrumsfelder, wie z.B.Kontrolle über
den Punkt d5. Der weiße Springer zielt über d2 nach c4, wo er optimal postiert
ist. Ribli.} 7. O-O (7. d3 $5 e5 8. Nd2) 7... e5 8. d3 (8. Ne1 {Yudasin,L} Bg4)
8... Be7 9. Nd2 O-O $6 {In dieser Partie war Schwarz erfolgreich mit diesem
ein wenig "antipositionellen" Zug. Ich sage nicht, daß Schwarz keine
Kompensation für seine Schwächen erhält, trotzdem schlage ich die normale
Variante 9...Bd7 10.Nc4 f6 11.f4 b5 12.Ne3 Rc8 vor. Ribli.} (9... Bd7 {Yudasin,
L} 10. Nc4 f6 11. f4 b5 12. Ne3 exf4 $13) 10. Bxc6 (10. Nc4 $5 {Yudasin,L})
10... bxc6 11. Nc4 f6 12. Be3 {[#] Schwarz hat ewige Schwächen auf der c-Linie,
aber er bekommt die Kontrolle über die Felder d4 und d5. Zudem hat er das
Läuferpaar und einige taktische Möglichkeiten am Königsflügel.Ribli.} (12. Qa4
Bd7 13. Na5 Kh8 $1 14. Ne4 Ne6 15. Nb3 Qb6 16. Bd2 f5 17. Nc3 Nd4 $36 {
Silva-Koch/Clichy Eurocup tt/1995/}) (12. b3 Bh3 (12... Be6 {Yudasin,L} 13. Ba3
Nb5) 13. Re1 Ne6 14. Bb2 h5 15. e3 Qe8 16. f3 h4 17. Ne4 hxg3 18. hxg3 Qh5 19.
Qe2 $13 {Dzindzichasvili-Timman/Tilburg/1985/}) 12... Bh3 13. Re1 Nd5 {Das
Ziel von Schwarz ist die "Begradigung" seiner Bauernschwächen, aber Weiß
spielt in dieser Partie nie Nxd5.Ribli.} (13... Ne6 {Yudasin,L with the idea
Qc7-f5-f4}) 14. Rc1 (14. Qd2 {Yudasin,L -Na4,Xc5}) 14... Rb8 15. Qd2 Be6 16. b3
(16. Na4 {Yudasin,L} Nb6 $1 17. Nxc5 $2 Bxc4 $19) (16. Ne4 {Yudasin,L} Nxe3 17.
fxe3 f5 $13) 16... Nxe3 17. Qxe3 (17. fxe3) (17. fxe3 {Yudasin,L} Qc7 {with
f5-f4 or 17...h5- h4 is also possible}) 17... Qd4 18. Na4 $14 {Weiss hat klar
die Initiative, Schwarz kämpft allein um Ausgleich. Der Anziehende verfügt
über eine klare Strategie: mögliche Turmverdopplung und Spiel gegen die
Schwächen auf der c-Linie.Ribli.} (18. Ne4 {Yudasin,L} Bd5) 18... Bd5 19. Red1
(19. Rc3 e4 20. dxe4 Qxe4 (20... Bxe4) 21. Qxe4 Bxe4 22. f3 Bd5 23. e4 $16) (
19. Nd2 {Yudasin,L} Rb5 {[%cal Gf6f5,Gf5f4]}) 19... Rfd8 20. Rc3 (20. Rc2 {
Yudasin,L} e4) 20... h5 $1 {Ein guter Zug. Schwarz muß, wenn möglich mit
seinem Läuferpaar eine Öffnung des Spiels herbeiführen. Wenn Weiß jetzt 21.h4
spielt, bekommt Schwarz später nach eventuellem g7-g5 Gegenspiel.Ribli.} 21.
Rdc1 h4 22. Nd2 (22. Na5 {Yudasin,L} Rb5) (22. Ncb2 {Yudasin,L} hxg3 23. hxg3
Qg4 $40) 22... Rb5 23. Nf3 (23. Nxc5 Bxc5 24. Rxc5 Rxc5 25. Rxc5 Qa1+ 26. Nf1
Qxa2 27. b4 Rb8 28. Ra5 Qb1 29. Rxa7 Rxb4 30. Qc5 $4 Qxf1+ $19) 23... Qxe3 24.
fxe3 hxg3 25. hxg3 e4 26. dxe4 (26. Nh4) (26. Nd2 $1 {Yudasin,L} exd3 27. exd3
f5 28. Nxc5 Bg5 (28... Bf6 {[%cal Gh8h1] with Kf7 and play on the "h" file}))
26... Bxe4 27. Nxc5 Bxf3 28. exf3 Rd2 $44 {Schwarz hat einen Bauern weniger,
aber seine Aktivität kompensiert diesen materiellen Nachteil. Das
wahrscheinliche Ergebnis lautet remis.Ribli.} 29. a4 Rb8 30. Nd3 (30. Ne4 $5
Rb2 31. Rxc6 R8xb3 32. R6c2 Rxc2 33. Rxc2 Rxe3 $11) (30. R1c2 {Yudasin,L} Rxc2
31. Rxc2 Bxc5 32. Rxc5 Rxb3) 30... Ba3 31. Rb1 (31. Ra1 {Yudasin,L} Bb2 $1 32.
Nxb2 Rxb2 {[%cal Gb8b3,Gb8d8,Gd8d2]}) 31... Rd8 32. Nf2 (32. Nf4 {Yudasin,L}
Bd6 $1 {with the idea Bxf4 followed by Re2 and Rde2}) 32... c5 33. Kf1 $2 (33.
Ne4 $5 Re2 34. Nxc5 Rdd2 (34... Bxc5 35. Rxc5 Rdd2 36. e4 {In dieser Variante
garantieren die zwei Türme auf der 2.Reihe remis für Schwarz.Ribli.}) 35. Ne4)
33... Ra2 34. Nd3 Bb4 $1 35. Nxb4 cxb4 36. Rc4 Rdd2 37. Rxb4 (37. f4 {Yudasin,L
} Rh2 38. Kg1 Rag2+ 39. Kf1 Rxg3) 37... Rf2+ 38. Kg1 Rxf3 39. g4 Rxe3 {[#] Wir
haben ein Turmendspiel, das mit zwei Türmen remis wäre. Mit vier Türmen auf
dem Brett hat Schwarz jedoch starke Aktivität, und Weiß kommt nicht umhin,
einen weiteren Bauern zu geben.Ribli.} 40. Rf1 a5 {><b3,><g4} 41. Rb8+ (41. Rb5
Rg3+) 41... Kf7 42. Rb7+ (42. Rf2 {Yudasin,L} Ra3 43. g5 Rg3+ $1 (43... Raxb3
44. Rxb3 Rxb3 45. gxf6 g6 $3 $17 (45... gxf6 $2 46. Rf5)) 44. Rg2 Raxb3 $17)
42... Kg6 43. Rf2 Ra3 44. g5 (44. Rb2 Rg3+) (44. Rb5 {Yudasin,L} Raxb3 45. Rxa5
Rb4 46. g5 Rg3+ 47. Rg2 Rxg2+ 48. Kxg2 f5 49. Ra7 Rg4+ 50. Kf3 Rxg5 $17) 44...
Rexb3 45. Rxb3 Rxb3 46. gxf6 gxf6 $19 {Weiß befindet sich in einer verlorenen
Stellung. Schwarz hat nicht nur einen gesunden Mehrbauern, sondern auch die
bessere Königsstellung und den aktiveren Turm.Ribli.} 47. Kg2 Rb4 48. Ra2 Kg5
49. Ra3 f5 50. Kf3 Re4 {><a4} 51. Ra1 Rh4 52. Kg3 Rb4 53. Ra3 Kf6 {Der
schwarze Plan ist klar - maximale Aktivität erreichen und mit dem König zum
a-Bauern gelangen.Ribli.} 54. Kf3 Ke5 55. Re3+ (55. Ke3 {Yudasin,L} Rh4) 55...
Re4 {Schwarz hat gewonnen. Natürlich wäre es ganz schlecht für Weiß, mit Rxe4
ins Bauernendspiel abzuwickeln.} 56. Ra3 (56. Rxe4+ {Yudasin,L} fxe4+ 57. Ke3
Kd5 58. Ke2 Kd4 59. Kd2 Kc4 60. Ke3 Kb4 61. Kxe4 Kxa4 62. Kd3 Kb3 63. Kd2 Kb2
$19 {[%cal Ga5a1]}) 56... Kd5 57. Kf2 Kc4 58. Rf3 f4 59. Ra3 Kb4 60. Ra1 Re3 {
Schwarz verbessert seine Stellung "step-by-step". Jetzt kann Weiß nichts gegen
das drohende Ra3 machen.Ribli.} (60... Kb3 $19 {Yudasin,L}) 61. Rd1 Rc3 62. Re1
(62. Rd4+ Rc4) 62... Kxa4 63. Re4+ Kb3 64. Rxf4 a4 {Der weiße König ist zu
seinem Unglück weit vom Damenflügel entfernt, und er kann nichts gegen den
a-Bauern ausrichten.Ribli.} 65. Rf8 a3 66. Ke2 (66. Rb8+ Kc2 67. Ra8 Kb2 68.
Rb8+ Rb3 {Und es kommt a2,a1Q mit Musik.Ribli.}) 66... a2 67. Rb8+ Kc2 68. Ra8
Kb2 69. Kd2 Rb3 {Weiß gab in dieser hoffnungslosen Stellung auf. Ribli.} 0-1

[Event "DEN-ch"]
[Site "Aarhus"]
[Date "1999.03.29"]
[Round "3"]
[White "Nielsen, Peter Heine"]
[Black "Borge, Nikolaj"]
[Result "1-0"]
[WhiteElo "2515"]
[BlackElo "2466"]
[Annotator "Ribli,Z"]
[PlyCount "67"]
[EventDate "1999.03.??"]
[EventType "tourn"]
[EventRounds "9"]
[EventCountry "DEN"]
[EventCategory "10"]
[SourceTitle "CBM 071"]
[Source "ChessBase"]
[SourceDate "1999.08.01"]
[SourceVersion "1"]
[SourceVersionDate "1999.08.01"]
[SourceQuality "1"]

{[%mdl 1536]} 1. c4 Nf6 2. g3 c5 (2... c6 $5) 3. Bg2 d5 4. cxd5 Nxd5 5. Nc3 Nc7
{Das ist der sogenannte Rubinstein Aufbau, eigentlich eine Maroczy-Variante in
der Sizilianische Verteidigung, aber mit vertauschten Farben. Schwarz möchte
mit eventuellem ...e7-e5 eine starke Zentrumstellung errichten. Ribli.} 6. Nf3
{Nach diesem Zug möchte Weiß die Hauptvariante spielen, aber vielleicht kann
er es z.B. mit 6.Qb3 ausnutzen, daß die Diagonale des Läufers geöffnet ist.} (
6. Qb3 $5) 6... Nc6 7. d3 g6 {Eine seltene und meines Erachtens verdächtige
Fortsetzung. Natürlich steht der Läufer ausgezeichnet auf g7, aber das Manöver
...Nd5-c7 und die Läuferentwicklung ...g6 / ...Bg7 kosten viel Zeit, während
Weiß aktives Spiel bekommt.} 8. Be3 {[%csl Rc5] Weiß nimmt sofort den Bauern
c5 ins Visier.} Ne6 (8... e5 {Dieser Zug ist möglich, aber warum spielte
Schwarz dann 7...g6?}) 9. O-O Bg7 10. Na4 (10. Rc1 Bd7 11. Qd2 O-O (11... Rc8
12. Bh6 O-O 13. Bxg7 Kxg7 14. e3 Na5 15. Ne4 Qb6 16. Nxc5 Nxc5 17. b4 Qb5 18.
Qc3+ f6 19. bxc5 b6 20. d4 bxc5 21. dxc5 Nb7 22. Nd4 Qxc5 23. Qb2 {1-0
Goldschmidt,J-Berthold,A/OLNO9697 1997/EXT 98 (23)}) 12. Bh6 Bxh6 13. Qxh6 f6
14. e3 Ng7 15. Qh4 Rc8 16. Qc4+ Be6 17. Qxc5 Qxd3 18. Rfd1 Qa6 19. Nd4 Nxd4 20.
Qxd4 Nf5 21. Qe4 Kf7 22. Bf1 Qc6 {1/2-1/2 Akopian,V-Kortschnoj,V/Lucerne 1997/
CBM 62 (22)}) 10... Qd7 $146 {Schwarz hat hier schon viele Fortsetzungen
ausprobiert. Vielleicht ist 10...0-0 die beste schwarze Möglichkeit. Mit dem
Damenzug verteidigt Schwarz den Springer c6 und bereitet so ...b7-b6 vor.} (
10... O-O 11. Nxc5 Nxc5 12. Bxc5 Bxb2 13. Rb1 Bf6 14. Nd2 Qa5 {1/2-1/2
Ghitescu,T-Witkowski,S/Lodz 1978/MCD (14)}) (10... Ncd4 11. Rc1 Qa5 (11...
Nxf3+ 12. Bxf3 Nd4 13. Bg2 $16) 12. Nxc5 Nxf3+ 13. Bxf3 Nxc5 14. Rxc5 Qxa2 15.
b4 O-O 16. Rc7 Bf6 17. Qb1 Qa4 18. Rfc1 Rb8 19. Qc2 {1-0 Gheorghiu,
F-Kortschnoj,V/Palma de Mallorca 1972/EXT 98 (47)}) (10... Qa5 11. Rc1 $16) (
10... b6 $2 11. Ne5 $16) 11. Rc1 (11. Nxc5 Nxc5 12. Bxc5 Bxb2 13. Rb1 Bg7 $11)
11... b6 (11... Ncd4 12. Nxc5 Nxc5 13. Rxc5 Nxf3+ 14. Bxf3 Bxb2 15. Qc2 Bg7 16.
Rc7 $16) 12. d4 $1 {[%cal Rd4d5,Rd5e6,Rd5c6,Gg2a8] Weiß nutzt sofort die
Chance, die sich ihm durch die geschwächte Diagonale h1-a8 bietet.} cxd4 13.
Nxd4 Nexd4 (13... Ncxd4 14. Bxa8 $16) 14. Bxd4 Nxd4 $8 15. Bxa8 $16 {Die weiße
Mehrqualität wird sich früher oder später bemerkbar machen, denn Weiß hat
keinerlei schwache Punkte. Schwarz verfügt nur über etwas Kompensation dank
seines starken Springers und des Läuferpaares.} Ba6 {[%csl Re2][%cal Ra6e2,
Rd4e2]} (15... O-O 16. e3 $18) 16. Nc3 O-O 17. Bg2 Rd8 18. Re1 {Weiß bereitet
e2-e3 vor.} Qe8 {[%cal Gd8d1]} 19. Nd5 {[%csl Ra6,Re8][%cal Rd5c7,Rc7e8,Rc7a6,
Re2e3]} Qb5 20. e3 (20. Nxe7+ $6 Kf8 21. e3 Ne2+ 22. Qxe2 Qxe2 23. Rxe2 Bxe2
24. Nd5 $14 Bxb2 $2 25. Rc2 {[%cal Rc2b2,Rc2e2]}) (20. Nc7 $2 Nxe2+ $17 {
[%cal Re2g1,Rd8d1]}) 20... Rxd5 $8 {Schwarz opfert die zweite Qualität und
erlangt mit seinem Läuferpaar praktische Gegenchancen. Bei gutem Spiel muß
allerdings Weiß den Materialvorteil verwerten.} (20... Ne6 21. Nxe7+ Kf8 22.
Nd5 $16) (20... Ne2+ 21. Rxe2 Rxd5 (21... Qxe2 22. Nxe7+ $18) 22. Bxd5 Qxe2 23.
Qxe2 Bxe2 24. Rc7 $18) 21. Bxd5 Qxd5 22. exd4 Bb7 {[%csl Rg1][%cal Rb7h1]} 23.
f3 Bxd4+ 24. Kg2 e5 {[%csl Gb7,Gd4] Schwarz hat damit bereits das Maximum
erreicht.} 25. Rc7 {[%csl Gc7] In einigen Varianten kann Weiß eine der
Qualitäten zurückgeben.} g5 {[%csl Rg2][%cal Rg5g4]} (25... Bxb2 26. Qxd5 Bxd5
27. Rxa7 $16) 26. g4 (26. h3 h5 27. g4 $16 {Das ist mit Zugumstellung die
Partiefortsetzung.}) 26... h5 27. h3 (27. gxh5 g4) 27... a5 28. b3 h4 29. Qd3 {
[%cal Gd3e4] Weiß droht mit 30.Qe4 in ein gewonnenes Endspiel abzuwickeln.} a4
30. Qe4 (30. Qf5 $5 {[%csl Rg8][%cal Rf5g5]} e4 (30... Be3 31. Rd7 $18 (31.
Rxe3 $2 Qd2+ 32. Kh1 Qd1+ $11)) 31. Qxd5 Bxd5 32. Rd1 exf3+ 33. Kf1 $18) 30...
Qa5 {Die schwarze Stellung ist verloren. Er opfert noch eine Figur, um im
Trüben zu fischen.} (30... Qxe4 31. fxe4 Ba6 32. bxa4 $18) 31. Rxb7 $18 Qd2+
32. Qe2 (32. Kh1 $5 $18) 32... Qf4 33. Kf1 (33. bxa4 Qg3+ 34. Kh1 (34. Kf1 $4
Qg1#) 34... Qxh3+ 35. Qh2 Qxf3+ 36. Qg2 $18) 33... Qg3 34. Qg2 {Schwarz gab
auf.} 1-0